000 02537nam a22005417a 4500
003 CHAP
005 20220817042236.0
008 971013s1968 mx a r 00010 spa d
010 _a38436
011 _a39408
035 _a43528
040 _cCHAP
082 _a582.160913
_bP45
100 0 0 _aPennington, T. D.
_986705
245 1 0 _aManual para la identificación de campo de los principales árboles tropicales de México
_c/por T.D. Pennington, José Sarukhán Kermez
260 _aMéxico :
_bI.N.I.F.,
_c1968
300 _a413 p.
_b: ilus.
590 _aBATCH-UPD
_b10
_c20130110
_lUCH01
_h0202
590 _aBATCH-UPD
_b10
_c20130110
_lUCH01
_h1040
590 _aBATCH-UPD
_b10
_c20130409
_lUCH01
_h2211
590 _aBATCH-UPD
_b10
_c20130410
_lUCH01
_h1252
590 _aBATCH-UPD
_b10
_c20130914
_lUCH01
_h0745
590 _aCONVERSION
_b10
_c20130109
_lUCH01
_h1321
650 1 4 _aÁrboles tropicales.
_982448
650 1 4 _aÁrboles
_xIdentificación.
_982437
650 1 4 _aBotánica forestal.
_914679
700 0 _aSarukhán Kermez, José.
_9102673
710 0 _aFAO.
710 0 _aInstituto Nacional de Investigaciones Forestales. México.
_959336
901 _aBK
942 _cLIBRO
949 _a582.160913 P45
_bBC
_cLIBRO
_d-116764
_eLIBRO
_fc.5
_h13912
_i43528
_si
949 _a582.160913 P45
_bBC
_cLIBRO
_d-116765
_eLIBRO
_fc.6
_h13913
_i43528
_si
949 _a582.160913 P45
_bBC
_cLIBRO
_d-116766
_eLIBRO
_fc.7
_h13914
_i43528
_si
949 _a582.160913 P45
_bBC
_cLIBRO
_d-116767
_eLIBRO
_fc.8
_h13915
_i43528
_si
949 _a582.160913 P45
_bBC
_cLIBRO
_d-116768
_eLIBRO
_fc.9
_h13916
_i43528
_si
949 _a582.160913 P45
_bBC
_cLIBRO
_d-116769
_eLIBRO
_fc.10
_h13917
_i43528
_si
949 _a582.160913 P45
_bBC
_cLIBRO
_d-116770
_eLIBRO
_fc.11
_h13918
_i43528
_si
949 _a582.160913 P45
_bBC
_cLIBRO
_d33724000453510
_eLIBRO
_fc.18
_h52019
_i43528
_si
949 _a582.160913 P45
_bBC
_cLIBRO
_d33724000453551
_eLIBRO
_fc.16
_h16388
_i43528
_so
949 _a582.160913 P45
_bBC
_cLIBRO
_d33724000580031
_eLIBRO
_fc.17
_h16389
_i43528
_si
949 _a582.160913 P45
_bBC
_cLIBRO
_d33724000583241
_eLIBRO
_fc.4
_h13911
_i43528
_si
949 _a582.160913 P45
_bBC
_cLIBRO
_d33724000890257
_eLIBRO
_fc.13
_h16385
_i43528
_si
949 _a582.160913 P45
_bBC
_cLIBRO
_d33724000920948
_eLIBRO
_fc.3
_h13910
_i43528
_si
949 _a582.160913 P45
_bBC
_cLIBRO
_d33724002063553
_eLIBRO
_fc.19
_h52020
_i43528
_si
949 _a582.160913 P45
_bBC
_cLIBRO
_d33724002243173
_eLIBRO
_gDonaciØn
_h115199
_i43528
_si
949 _a582.160913 P45
_bBC
_cMUT
_d-116774
_eMUT
_fc.15
_h16387
_i43528
_si
999 _c38436
_d38436